000 01050nam a2200277 a 4500
001 000004189
005 20200929151418.0
008 090720s2008 dr a 000 0 spa d
020 _a9789945860252
040 _aDO-SdBNP
_bspa
_cBNPHU
082 _a306.74
_bF316h
100 1 _aFélix Díaz, Regina
_912370
245 1 0 _aHijas de la gran puta :
_binvestigación sobre la trata de personas /
_cRegina Félix Díaz.
260 _aSanto Domingo, :
_bEdiciones Grullón Checo,
_c2008.
300 _a204 p. :
_bil. ;
_c22 cm.
500 _aLa biblioteca posee 3 ejemplares autografiados por la autora.
504 _aBibliografía: p. 249-253
590 _aInventariado, 2019/BT
650 4 _aProstitución
_xHistoria
_912371
650 4 _aMujeres
_xCuestiones sociales y morales
_911704
650 4 _aProstitución infantil
_912372
650 4 _aProstitución juvenil
_912373
650 4 _aDerechos humanos
_zRepública Dominicana
_912374
651 4 _aRepública Dominicana
_xCondiciones Sociales
_946
910 _aValidado. Control de calidad MMOLINA
999 _c4004
_d4004